|
|
|
|
| LEADER |
01034nam a2200289 a 4500 |
| 001 |
11940907 |
| 003 |
BD-DhAAL |
| 005 |
20231212104022.0 |
| 008 |
091006r20001999nyu 000 1 eng d |
| 010 |
|
|
|a 00035531
|
| 020 |
|
|
|a 0385720114
|
| 020 |
|
|
|a 9780385720113
|
| 040 |
|
|
|a DLC
|c DLC
|d DLC
|d BD-DhAAL
|
| 082 |
0 |
0 |
|a 823.914
|2 21
|
| 100 |
1 |
|
|a Soueif, Ahdaf.
|9 55814
|
| 245 |
1 |
4 |
|a The map of love /
|c Ahdaf Soueif.
|
| 250 |
|
|
|a 1st Anchor Books edition
|
| 260 |
|
|
|a New York :
|b Anchor Books,
|c 1999 [Reprinted 2000].
|
| 300 |
|
|
|a 529 pages ;
|c 21 cm.
|
| 541 |
1 |
|
|e 00019300
|
| 651 |
|
0 |
|a Egypt
|v Fiction.
|9 55815
|
| 655 |
|
7 |
|a Historical fiction.
|2 gsafd
|
| 655 |
|
7 |
|a Domestic fiction.
|2 lcsh
|
| 852 |
4 |
|
|a Ayesha Abed Library
|j General shelf
|
| 942 |
|
|
|2 ddc
|c BK
|
| 999 |
|
|
|c 4255
|d 4255
|
| 952 |
|
|
|0 0
|1 0
|2 ddc
|4 0
|6 823_914000000000000_SOU
|7 0
|9 3924
|a BRACUL
|b BRACUL
|c GEN
|d 2009-10-05
|e Karim Interantional
|l 3
|m 5
|o 823.914 SOU
|p 3010019300
|r 2025-08-24
|s 2025-08-06
|t 1
|w 2009-10-06
|y BK
|x Transferred from ENH to Ayesha Abed library on 20/12/2023
|